000 00796nam a2200265 a 4500
001 BRL_127
005 20190320210612.0
008 851119s1983 mx-fa#####---#000-0bspa-#
020 _a9686052771
041 _aspa
044 _amx
050 4 _aND259.K3
_b.T53 1983
100 1 _aTibol, Raquel
_95076
245 1 0 _aFrida Kahlo
_buna vida abierta
_cRaquel Tibol.
260 _aMéxico
_bOasis
_c1983
300 _a152 p.
_bil., 40 láminas
_c21 cm.
440 0 _aColección Biblioteca de las decisiones
_v6
_922981
500 _aIncluye dedicatoria para Ruth de la autora, Jul. 18/83
500 _aAu184
504 _aBibliografía: p. [151]-152
600 1 4 _aKahlo, Frida
_d1907-1954
_vBiografías
_922982
650 1 4 _aPintoras
_ySiglo XX
_zMéxico
_94923
902 _aGRL
942 _2lcc
_cB
999 _c8940
_d8940